MARC details
| 000 -LÍDER |
| campo de controle de tamanho fixo |
01734nam a2200313 4500 |
| 001 - NÚMERO DE CONTROLE |
| campo de controle |
117 |
| 003 - IDENTIFICADOR DO NÚMERO DE CONTROLE |
| campo de controle |
OSt |
| 005 - DATA E HORÁRIO DA ÚLTIMA TRANSAÇÃO |
| campo de controle |
20250331104427.0 |
| 008 - CAMPO DE DADOS FIXOS--INFORMAÇÃO GERAL |
| campo de controle de tamanho fixo |
250127b |||||||e |||| 00| 0 eng d |
| 020 ## - ISBN - INTERNATIONAL STANDARD BOOK NUMBER |
| ISBN - International Standard Book Number |
9788535908626 |
| 040 ## - FONTE DA CATALOGAÇÃO |
| Idioma da catalogação |
por |
| 041 ## - CÓDIGO DE IDIOMA |
| Código do idioma do original e/ou traduções intermediárias do texto |
eng |
| Código do idioma do texto/trilha sonora ou título diferente |
por |
| 082 ## - CDD - CLASSIFICAÇÃO DECIMAL DE DEWEY |
| Número de Classificação |
920 |
| Número do exemplar |
J95c |
| 100 1# - ENTRADA PRINCIPAL--NOME PESSOAL |
| Nome pessoal |
Jung Chang, |
| Datas associadas ao nome |
1952- |
| 9 (RLIN) |
261 |
| 240 ## - TÍTULO UNIFORME |
| Título uniforme |
Wild swans - Three daughters of China |
| 245 ## - TÍTULO |
| Título |
Cisnes selvagens - |
| Restante do título |
Três filhas da China / |
| Indicação de responsabilidade, etc. |
Jung Chang ; Tradução de Marcos Santarrita |
| 260 ## - PUBLICAÇÃO, DISTRIBUIÇÃO, ETC. |
| Local de publicação, distribuição, etc. |
São Paulo |
| Nome do editor, distribuidor, etc. |
Companhia das Letras |
| Data da publicação, distribuição, etc. |
2006 |
| 300 ## - DESCRIÇÃO FÍSICA |
| Extensão |
647 p. |
| 520 ## - NOTA DE RESUMO, ETC. |
| Resumo, etc. |
Dos costumes ancestrais às violentas mudanças provocadas pela instauração do comunismo, Chang refaz a história de três gerações de mulheres de uma família que tenta preservar sua humanidade em meio à vertigem e ao horror da trajetória da China no século XX.<br/><br/>Dos costumes ancestrais às violentas reviravoltas do comunismo, a China passou, em algumas décadas, por uma das mais radicais e amplas transformações já vistas na história da humanidade. Mergulhando nas memórias familiares de três gerações de mulheres, Cisnes selvagens é o relato verdadeiro, com todos os acentos do drama épico, de uma família que tenta preservar a própria humanidade em meio à vertigem e ao horror da trajetória da China neste século.<br/><br/>"Um magnífico épico que traz à luz todo o lado humano da turbulenta história chinesa do século XX." - Chicago Tribune |
| 650 #0 - ASSUNTO--TERMO TÓPICO |
| Cabeçalho tópico ou nome geográfico |
Literatura Chinesa |
| 9 (RLIN) |
262 |
| 650 #0 - ASSUNTO--TERMO TÓPICO |
| Cabeçalho tópico ou nome geográfico |
Fatos Reais |
| 9 (RLIN) |
33 |
| 650 #0 - ASSUNTO--TERMO TÓPICO |
| Cabeçalho tópico ou nome geográfico |
Drama |
| 9 (RLIN) |
18 |
| 650 #0 - ASSUNTO--TERMO TÓPICO |
| Cabeçalho tópico ou nome geográfico |
História |
| 9 (RLIN) |
116 |
| 650 #0 - ASSUNTO--TERMO TÓPICO |
| Cabeçalho tópico ou nome geográfico |
Politica |
| 9 (RLIN) |
138 |
| 650 #0 - ASSUNTO--TERMO TÓPICO |
| Cabeçalho tópico ou nome geográfico |
Emponderamento |
| 9 (RLIN) |
32 |
| 655 #0 - TERMO DE ÍNDICE--GÊNERO E FORMA |
| Gênero/forma/ou termo foco |
Biografia |
| 700 ## - ENTRADA ADICIONADA - NOME PESSOAL |
| Nome pessoal |
Marcos Santarrita |
| Função do autor por extenso |
Tradutor |
| 9 (RLIN) |
193 |
| 942 ## - ELEMENTOS DE ENTRADA ADICIONADOS (KOHA) |
| Fonte de classificação ou esquema de arquivamento |
Classificação decimal de Dewey |
| Ocultar no OPAC |
Não |
| Tipo de material Koha |
Livros |